Zákazník vie, čo chce - nakupovať pohodlne a kdekoľvek

Kľúčovou témou pražského Retail Summitu 2015 boli distribučné cesty a kanály, teda hľadanie nových ciest medzi výrobcami, obchodníkmi a spotrebiteľmi. Obchodom hýbu mobilné technológie.

Salvato in:
Dettagli Bibliografici
Autore principale: Neumann, Pavel
Natura: Capitolo di libro
Lingua:slovacco
Soggetti:
Tags: Aggiungi Tag
Nessun Tag, puoi essere il primo ad aggiungerne!!

MARC

LEADER 00000naa a2200000 4500
001 0200051
005 20231011070245.7
041 0 |a slo 
044 |a SK 
245 1 0 |a Zákazník vie, čo chce - nakupovať pohodlne a kdekoľvek  |c Pavel Neumann 
520 |a Kľúčovou témou pražského Retail Summitu 2015 boli distribučné cesty a kanály, teda hľadanie nových ciest medzi výrobcami, obchodníkmi a spotrebiteľmi. Obchodom hýbu mobilné technológie. 
610 2 0 |a maloobchod 
610 2 0 |a kanály distribučné 
610 2 0 |a technológie nové 
610 2 0 |a digitalizácia 
610 2 0 |a spotrebitelia 
100 1 |a Neumann, Pavel